00535nam a2200193Ii 450000100060000000300090000600800410001502000150005604000330007104100080010408200150011210000170012724500670014426400370021130000120024833600260026033700280028633800270031411942CO-ViMGA241108s9999||||xx |||||||||||||| ||und|| a8420004083 aCO-ViMGAbspaerdacCO-ViMGA0 aspa04a591.2 B6871 aWalther Bolz10aTratado de Patología quirúrgica especial para veterinarios 1aMadrid, España : Acribia, 1975 avolumen atextbtxt2rdacontent aunmediatedbn2rdamedia avolumebnc2rdacarrier